[Event "SWE-chT2 1314"]
[Site "Sweden"]
[Date "2013.11.23"]
[Round "2"]
[White "Johansson, Anders"]
[Black "Eriksson, Jorgen"]
[Result "0-1"]
[WhiteElo "2051"]
[BlackElo "2223"]
[PlyCount "114"]
[EventDate "2013.11.22"]
[EventType "team-tourn"]
[EventRounds "9"]
[EventCountry "SWE"]
[SourceTitle "EXT 2015"]
[Source "ChessBase"]
[SourceDate "2014.11.20"]
[SourceVersion "1"]
[SourceVersionDate "2014.11.20"]
[SourceQuality "1"]
[WhiteTeam "Orebro"]
[BlackTeam "Umea Rockaden"]
[WhiteTeamCountry "SWE"]
[BlackTeamCountry "SWE"]

1. Nf3 Nf6 2. c4 g6 3. g3 Bg7 4. Bg2 0-0 5. 0-0 d6 6. d4 Nc6 7. Nc3 a6 8. Bf4 Nd7 9. Rc1 e5 10. dxe5 dxe5 11. Bg5 f6 12. Bd2 Nc5 13. Nd5 a5 14. Bc3 Be6 15. Nd2 Qd7 16. Nb3 Nxb3 17. Qxb3 Ra7 18. Rfd1 Qf7 19. Qa3 Re8 20. b3 f5 21. e3 Raa8 22. Qb2 Rac8 23. Rd2 Rf8 24. Rcd1 g5 25. a3 e4 26. Bxg7 Qxg7 27. Qxg7+ Kxg7 28. Bf1 Ne5 29. Be2 Rf7 30. Nc3 b6 31. a4 Re8 32. Bh5 Rfe7 33. Bxe8 Nf3+ 34. Kf1 Nxd2+ 35. Rxd2 Rxe8 36. Nb5 Re7 37. Rd8 Kf6 38. Ke1 f4 39. Kd2 fxg3 40. hxg3 h5 41. Ke2 h4 42. gxh4 gxh4 43. Rf8+ Kg5 44. f3 exf3+ 45. Kxf3 Bg4+ 46. Kf2 h3 47. Nd4 Rh7 48. Rg8+ Kh4 49. Kg1 c5 50. Nc6 Be6 51. Rg6 Bf7 52. Rf6 Rg7+ 53. Kh1 Bg6 54. Rf4+ Kg3 55. Ne5 Bh5 56. Rf5 Be2 57. Rf6 Rg5 0-1

[Event "Politiken Cup 34th"]
[Site "Helsingor"]
[Date "2012.08.02"]
[Round "7"]
[White "Henningsen, Lasse"]
[Black "Johansson, Anders"]
[Result "1/2-1/2"]
[WhiteElo "1756"]
[BlackElo "2029"]
[PlyCount "50"]
[EventDate "2012.07.28"]
[EventType "swiss"]
[EventRounds "10"]
[EventCountry "DEN"]
[SourceTitle "CBM 149 Extra"]
[Source "ChessBase"]
[SourceDate "2012.08.24"]
[SourceVersion "1"]
[SourceVersionDate "2012.08.24"]
[SourceQuality "1"]

1. d4 Nf6 2. Nf3 c5 3. c3 d5 4. Bf4 Nc6 5. e3 Qb6 6. Qb3 c4 7. Qc2 Bf5 8. Qc1 Nh5 9. Nbd2 Nxf4 10. exf4 Qd8 11. h3 h5 12. g3 e6 13. Be2 b5 14. Nh4 Ne7 15. b3 Ng8 16. a4 a6 17. Nxf5 exf5 18. 0-0 Nf6 19. axb5 axb5 20. Rxa8 Qxa8 21. bxc4 bxc4 22. Qb2 Bd6 23. Ra1 Qc6 24. Kg2 0-0 25. Qc2 g6 1/2-1/2

[Event "Politiken Cup 34th"]
[Site "Helsingor"]
[Date "2012.07.30"]
[Round "4"]
[White "Johansson, Anders"]
[Black "Rossen, Claus"]
[Result "1/2-1/2"]
[WhiteElo "2029"]
[BlackElo "2223"]
[PlyCount "120"]
[EventDate "2012.07.28"]
[EventType "swiss"]
[EventRounds "10"]
[EventCountry "DEN"]
[SourceTitle "CBM 149 Extra"]
[Source "ChessBase"]
[SourceDate "2012.08.24"]
[SourceVersion "1"]
[SourceVersionDate "2012.08.24"]
[SourceQuality "1"]

1. Nf3 c5 2. c4 Nf6 3. Nc3 d5 4. cxd5 Nxd5 5. e4 Nc7 6. d4 Bg4 7. Be3 cxd4 8. Qxd4 Nc6 9. Qa4 Bxf3 10. gxf3 e6 11. Rd1 Qf6 12. Bb5 Nxb5 13. Qxb5 Qe7 14. a3 Qc7 15. Bf4 Qc8 16. Rg1 g6 17. Qg5 Bg7 18. Bd6 Qd8 19. Nb5 Nd4 20. Nc7+ Qxc7 21. Rxd4 f6 22. Qb5+ Qc6 23. Qxc6+ bxc6 24. Rb4 Kd7 25. Bc5 Rhb8 26. Ke2 Rxb4 27. Rd1+ Kc7 28. Bxb4 a5 29. Bc5 Bf8 30. Bd4 e5 31. Bc3 a4 32. f4 exf4 33. Bxf6 Bd6 34. e5 Bc5 35. e6 Re8 36. Be5+ Kb6 37. Bxf4 Rxe6+ 38. Kf1 Re4 39. Bg3 Rd4 40. Ke2 Kb5 41. Rc1 Rd7 42. Rc2 Bd4 43. f3 c5 44. Bf2 Bxf2 45. Kxf2 Rd3 46. Kg3 c4 47. h3 Rb3 48. Kf4 Kc5 49. Ke4 Rb7 50. Rd2 Re7+ 51. Kf4 h6 52. h4 Rb7 53. Ke4 Rb3 54. Rd5+ Kc6 55. Rd4 Rxb2 56. Rxc4+ Kb5 57. Kd5 Rd2+ 58. Rd4 Rf2 59. Rb4+ Ka5 60. Rg4 Rxf3 1/2-1/2

[Event "Politiken Cup 34th"]
[Site "Helsingor"]
[Date "2012.07.29"]
[Round "2"]
[White "Johansson, Anders"]
[Black "Bach, Matthias"]
[Result "1-0"]
[WhiteElo "2029"]
[BlackElo "2274"]
[PlyCount "81"]
[EventDate "2012.07.28"]
[EventType "swiss"]
[EventRounds "10"]
[EventCountry "DEN"]
[SourceTitle "CBM 149 Extra"]
[Source "ChessBase"]
[SourceDate "2012.08.24"]
[SourceVersion "1"]
[SourceVersionDate "2012.08.24"]
[SourceQuality "1"]

1. Nf3 b6 2. g3 Bb7 3. Bg2 g5 4. 0-0 h6 5. d3 Bg7 6. e4 e6 7. h4 gxh4 8. Nxh4 Nc6 9. c3 Qe7 10. a3 0-0-0 11. b4 h5 12. Ra2 Bf6 13. Nf3 h4 14. a4 Nh6 15. a5 hxg3 16. fxg3 Rdg8 17. axb6 cxb6 18. b5 Qc5+ 19. d4 Qxb5 20. Bf4 Ng4 21. Na3 Qh5 22. Nc4 Be7 23. Qa1 e5 24. Rxa7 exf4 25. Nxb6+ Kc7 26. Nd5+ Qxd5 27. Rxb7+ Kxb7 28. exd5 Nb8 29. Rb1+ Kc8 30. Qa7 Bd6 31. c4 Kd8 32. c5 Ke7 33. cxd6+ Kf6 34. Re1 Ne3 35. Rxe3 fxe3 36. Qa3 Re8 37. Ne5 Kg7 38. Qd3 Rh6 39. Bf1 Rxd6 40. Qf5 Re7 41. Bd3 1-0

[Event "Nuremberg Zabo op 13th"]
[Site "Nuremberg"]
[Date "2011.09.17"]
[Round "2"]
[White "Johansson, Anders"]
[Black "Woerl, Richard"]
[Result "0-1"]
[WhiteElo "1415"]
[BlackElo "1940"]
[PlyCount "96"]
[EventDate "2011.09.16"]
[EventType "swiss"]
[EventRounds "5"]
[EventCountry "GER"]
[SourceTitle "EXT 2013"]
[Source "ChessBase"]
[SourceDate "2012.11.22"]
[SourceVersion "1"]
[SourceVersionDate "2012.11.22"]
[SourceQuality "1"]

1. d4 Nf6 2. c4 e6 3. Nf3 d5 4. Nc3 c6 5. e3 Ne4 6. cxd5 Nxc3 7. bxc3 exd5 8. Bd3 Bd6 9. 0-0 Bg4 10. e4 dxe4 11. Bxe4 0-0 12. Bc2 Nd7 13. Qd3 g6 14. Bg5 Qc7 15. h3 Bf5 16. Qd2 Bxc2 17. Qxc2 Bf4 18. Rfe1 Rfe8 19. Qb3 Bxg5 20. Nxg5 Nf6 21. c4 h6 22. Nf3 b6 23. Qc3 Qf4 24. Qd2 Qxd2 25. Nxd2 Kf8 26. Kf1 Rad8 27. Rxe8+ Nxe8 28. Nf3 b5 29. cxb5 cxb5 30. a4 b4 31. a5 f6 32. Ke2 Rc8 33. Kd2 Nd6 34. Rc1 Ne4+ 35. Kd1 Nxf2+ 36. Kd2 Ne4+ 37. Kd1 Nc3+ 38. Kd2 Ke7 39. Nh4 Kf7 40. Kd3 Rc7 41. Nf3 g5 42. Nd2 Ke6 43. Ne4 f5 44. Nxc3 Rxc3+ 45. Rxc3 bxc3 46. Kxc3 Kd5 47. a6 f4 48. Kd3 h5 0-1

[Event "Nuremberg Zabo op 13th"]
[Site "Nuremberg"]
[Date "2011.09.17"]
[Round "3"]
[White "Meulner, Fabian"]
[Black "Johansson, Anders"]
[Result "1-0"]
[WhiteElo "1714"]
[BlackElo "1415"]
[PlyCount "43"]
[EventDate "2011.09.16"]
[EventType "swiss"]
[EventRounds "5"]
[EventCountry "GER"]
[SourceTitle "EXT 2013"]
[Source "ChessBase"]
[SourceDate "2012.11.22"]
[SourceVersion "1"]
[SourceVersionDate "2012.11.22"]
[SourceQuality "1"]

1. d4 Nf6 2. Bg5 e6 3. e3 Be7 4. Nd2 d5 5. Bd3 c5 6. c3 Nc6 7. Ngf3 h6 8. Bxf6 Bxf6 9. Qe2 Qb6 10. 0-0-0 0-0 11. h4 e5 12. dxe5 Nxe5 13. Nxe5 Bxe5 14. g4 a5 15. f4 Bc7 16. g5 a4 17. a3 Qe6 18. f5 Qc6 19. Rdg1 d4 20. f6 dxc3 21. bxc3 Be5 22. Qh5 1-0

[Event "Politiken Cup 33rd"]
[Site "Helsingor"]
[Date "2011.07.30"]
[Round "1"]
[White "Johansson, Anders"]
[Black "Bremer, Erik"]
[Result "1-0"]
[WhiteElo "2089"]
[BlackElo "1578"]
[PlyCount "61"]
[EventDate "2011.07.30"]
[EventType "swiss"]
[EventRounds "10"]
[EventCountry "DEN"]
[SourceTitle "CBM 143 Extra"]
[Source "ChessBase"]
[SourceDate "2011.08.29"]
[SourceVersion "1"]
[SourceVersionDate "2011.08.29"]
[SourceQuality "1"]

1. Nf3 d5 2. d4 Nf6 3. c4 Bf5 4. Nc3 c6 5. Qb3 Qb6 6. c5 Qc7 7. Bf4 Qc8 8. h3 h6 9. e3 Nbd7 10. Be2 Ne4 11. Ne5 Ndf6 12. f3 Ng5 13. g4 Be6 14. h4 Ngh7 15. h5 Nd7 16. Nd3 f6 17. e4 dxe4 18. Qxe6 exd3 19. Bxd3 Ng5 20. Bg6+ Kd8 21. Qe2 b6 22. Rd1 Qb7 23. 0-0 Nh3+ 24. Kh1 Nxf4 25. Qe4 Qc7 26. d5 Qe5 27. dxc6 Qxe4 28. Bxe4 e5 29. Rxd7+ Kc8 30. Nb5 Bxc5 31. Rfd1 1-0

[Event "Zhovkva Royal Residence Cup 2nd"]
[Site "Zhovkva"]
[Date "2011.06.28"]
[Round "2"]
[White "Johansson, Anders"]
[Black "Chulivska, Vita"]
[Result "0-1"]
[WhiteElo "2089"]
[BlackElo "2219"]
[PlyCount "86"]
[EventDate "2011.06.27"]
[EventType "tourn"]
[EventRounds "9"]
[EventCountry "UKR"]
[SourceTitle "EXT 2012"]
[Source "ChessBase"]
[SourceDate "2011.11.24"]
[SourceVersion "1"]
[SourceVersionDate "2011.11.24"]
[SourceQuality "1"]

1. Nf3 c5 2. c4 Nc6 3. d4 cxd4 4. Nxd4 Nf6 5. Nc3 a6 6. g3 e6 7. Nc2 Be7 8. Bg2 0-0 9. 0-0 d6 10. b3 Qc7 11. Bb2 b6 12. Rc1 Bb7 13. e4 Rac8 14. Ne3 Qb8 15. Qd3 Qa8 16. Rfd1 Rfd8 17. Qf1 Nb8 18. f3 Nbd7 19. Kh1 Bc6 20. Rc2 Qb7 21. Rdc1 b5 22. cxb5 axb5 23. Ncd1 Nb6 24. Ba3 Be8 25. Bb4 Rxc2 26. Rxc2 d5 27. Bxe7 Qxe7 28. exd5 exd5 29. Nf5 Qe5 30. Qd3 d4 31. Re2 Qc5 32. Rc2 Qb4 33. Qd2 Qf8 34. Bf1 g6 35. Nh4 Qd6 36. Qf4 Qxf4 37. gxf4 Nbd5 38. f5 Nb4 39. Rc5 g5 40. Ng2 Nxa2 41. Bxb5 Bxb5 42. Rxb5 Nc3 43. Rb6 Nfd5 0-1

[Event "Zhovkva Royal Residence Cup 2nd"]
[Site "Zhovkva"]
[Date "2011.06.27"]
[Round "1"]
[White "Semcesen, Daniel"]
[Black "Johansson, Anders"]
[Result "1-0"]
[WhiteElo "2472"]
[BlackElo "2089"]
[PlyCount "73"]
[EventDate "2011.06.27"]
[EventType "tourn"]
[EventRounds "9"]
[EventCountry "UKR"]
[SourceTitle "EXT 2012"]
[Source "ChessBase"]
[SourceDate "2011.11.24"]
[SourceVersion "1"]
[SourceVersionDate "2011.11.24"]
[SourceQuality "1"]

1. Nf3 c5 2. c4 Nf6 3. Nc3 d5 4. cxd5 Nxd5 5. g3 Nc6 6. Bg2 Nc7 7. 0-0 e5 8. Ne1 h5 9. Nd3 h4 10. Qa4 Qd6 11. Bxc6+ bxc6 12. Qe4 hxg3 13. fxg3 Qd4+ 14. Rf2 f6 15. b3 Ba6 16. Qxc6+ Kd8 17. Qe4 Qxe4 18. Nxe4 Bxd3 19. exd3 Nb5 20. Bb2 Kd7 21. Rc1 Rc8 22. Rc4 Bd6 23. Rf1 Rc7 24. Kg2 Rhc8 25. g4 Ke6 26. h3 Be7 27. Rfc1 Bd6 28. Kf3 Be7 29. a4 Nd4+ 30. Bxd4 exd4 31. b4 Kd5 32. h4 Bf8 33. h5 Be7 34. Kf4 a6 35. Kf5 Rc6 36. Nxc5 a5 37. Nb3 1-0

[Event "Narvik Rallarsjakken-A"]
[Site "Narvik"]
[Date "2010.04.16"]
[Round "2"]
[White "Remman, Frank"]
[Black "Johansson, Anders"]
[Result "1-0"]
[WhiteElo "1925"]
[BlackElo "2071"]
[PlyCount "93"]
[EventDate "2010.04.16"]
[EventType "swiss"]
[EventRounds "5"]
[EventCountry "NOR"]
[SourceTitle "EXT 2012"]
[Source "ChessBase"]
[SourceDate "2011.11.24"]
[SourceVersion "1"]
[SourceVersionDate "2011.11.24"]
[SourceQuality "1"]

1. d4 d5 2. c4 e6 3. Nc3 c6 4. Nf3 Nd7 5. e3 Ngf6 6. Qc2 Bb4 7. a3 Ba5 8. b4 Bc7 9. Rb1 0-0 10. Be2 dxc4 11. Bxc4 e5 12. 0-0 exd4 13. Nxd4 Nb6 14. Ba2 Nfd5 15. Nce2 Re8 16. Rb3 Nf6 17. Rd1 Nbd5 18. f3 Nh5 19. e4 Qh4 20. g3 Nxg3 21. Nxg3 Bxg3 22. hxg3 Qxg3+ 23. Qg2 Qxg2+ 24. Kxg2 Nb6 25. Rbd3 g6 26. Bf4 Be6 27. Nxe6 fxe6 28. Bc7 Kf7 29. Bb3 h5 30. a4 Nc8 31. Kg3 g5 32. Rh1 Kg6 33. Be5 a6 34. Rd7 Re7 35. Rxe7 Nxe7 36. Bxe6 Re8 37. Bd7 Rd8 38. Rd1 Nd5 39. exd5 Rxd7 40. d6 Kf5 41. Re1 g4 42. fxg4+ hxg4 43. Bf4 Rg7 44. Re7 Rg8 45. d7 Rh8 46. Bc7 Rh3+ 47. Kg2 1-0

[Event "Copenhagen Challenge"]
[Site "Ballerup"]
[Date "2010.??.??"]
[Round "2"]
[White "Johansson, Anders"]
[Black "Grabarczyk, Miroslaw"]
[Result "1/2-1/2"]
[WhiteElo "2071"]
[BlackElo "2450"]
[PlyCount "83"]
[EventDate "2010.04.28"]
[EventType "swiss"]
[EventRounds "9"]
[EventCountry "DEN"]
[SourceTitle "EXT 2018"]
[Source "ChessBase"]
[SourceDate "2017.10.13"]
[SourceVersion "1"]
[SourceVersionDate "2017.10.13"]
[SourceQuality "1"]

1. Nf3 Nf6 2. c4 e6 3. g3 d5 4. Bg2 Be7 5. 0-0 0-0 6. d4 c6 7. Qc2 Nbd7 8. Nbd2 b6 9. e4 Bb7 10. e5 Ne8 11. cxd5 cxd5 12. Re1 Rc8 13. Qa4 a5 14. Bf1 Bc6 15. Qb3 a4 16. Qe3 Nc7 17. Bd3 Bb5 18. Bb1 Na6 19. a3 Nab8 20. h4 Nc6 21. Ng5 h6 22. Nh3 Na5 23. Nf4 Rc6 24. b4 axb3 25. Nxb3 Nxb3 26. Qxb3 Ba6 27. Nxd5 exd5 28. Qxd5 Qc7 29. Qe4 f5 30. exf6 Nxf6 31. Ba2+ Kh8 32. Qxe7 Re8 33. Qb4 Rxe1+ 34. Qxe1 Qd7 35. Bf4 Bb7 36. Qe5 Ng4 37. Qb8+ Rc8 38. Qd6 Qxd6 39. Bxd6 Rc2 40. Be6 Bf3 41. Bxg4 Bxg4 42. Bb4 1/2-1/2

[Event "Marianske Lazne IM-B"]
[Site "Marianske Lazne"]
[Date "2009.01.25"]
[Round "11"]
[White "Petrova, Kristyna"]
[Black "Johansson, Anders"]
[Result "1-0"]
[WhiteElo "2172"]
[BlackElo "2005"]
[PlyCount "137"]
[EventDate "2009.01.17"]
[EventType "tourn"]
[EventRounds "11"]
[EventCountry "CZE"]
[EventCategory "1"]
[SourceTitle "CBM 128 Extra"]
[Source "ChessBase"]
[SourceDate "2009.03.05"]
[SourceVersion "2"]
[SourceVersionDate "2009.03.25"]
[SourceQuality "1"]

1. e4 c5 2. Nf3 d6 3. d4 Nf6 4. Nc3 cxd4 5. Nxd4 Nc6 6. Bc4 Qb6 7. Nb3 e6 8. 0-0 a6 9. Kh1 Be7 10. f4 Qc7 11. a4 b6 12. Be3 0-0 13. Qe2 Nd7 14. Rad1 Nb4 15. Nd4 Nc5 16. f5 Bf6 17. fxe6 fxe6 18. Nf5 Rd8 19. Bf4 Nb7 20. Bb3 Kh8 21. Nxd6 Nxd6 22. e5 Nd5 23. Nxd5 exd5 24. Bxd5 Ra7 25. exf6 gxf6 26. Qf2 Bg4 27. Qd4 Qg7 28. Qxb6 Rad7 29. Bf3 Bxf3 30. Rxf3 Qe7 31. Re3 Nc4 32. Rxd7 Rxd7 33. Rxe7 Nxb6 34. Rxd7 Nxd7 35. Kg1 Kg8 36. b4 Kf7 37. Kf2 Ke6 38. Ke2 Nb6 39. a5 Nc4 40. Kd3 Kd5 41. Bc7 f5 42. Bf4 Nb2+ 43. Kc3 Nc4 44. h3 h5 45. b5 axb5 46. a6 Kc6 47. Kb4 Kb6 48. a7 Kxa7 49. Kxb5 Na3+ 50. Kc5 Nxc2 51. Bd2 Kb7 52. Kd5 f4 53. Ke4 Kc6 54. Kxf4 Kd5 55. Kg5 Nd4 56. Kxh5 Ke4 57. g4 Kf3 58. h4 Kg3 59. g5 Nf5 60. g6 Kh3 61. Kg5 Nxh4 62. g7 Nf3+ 63. Kf4 Nxd2 64. g8Q Nf1 65. Qe6+ Kg2 66. Qe2+ Kg1 67. Kf3 Nh2+ 68. Kg3 Nf1+ 69. Kh3 1-0

[Event "Marianske Lazne IM-B"]
[Site "Marianske Lazne"]
[Date "2009.01.20"]
[Round "4"]
[White "Oparin, Grigoriy"]
[Black "Johansson, Anders"]
[Result "1-0"]
[WhiteElo "2189"]
[BlackElo "2005"]
[PlyCount "81"]
[EventDate "2009.01.17"]
[EventType "tourn"]
[EventRounds "11"]
[EventCountry "CZE"]
[EventCategory "1"]
[SourceTitle "CBM 128 Extra"]
[Source "ChessBase"]
[SourceDate "2009.03.05"]
[SourceVersion "2"]
[SourceVersionDate "2009.03.25"]
[SourceQuality "1"]

1. e4 d5 2. exd5 Qxd5 3. Nc3 Qa5 4. d4 c6 5. Nf3 Nf6 6. Be2 g6 7. 0-0 Bg7 8. Bf4 0-0 9. Qd2 Be6 10. a3 Qd8 11. h3 Nbd7 12. Ng5 Bd5 13. Nxd5 cxd5 14. Nf3 a6 15. c3 Ne4 16. Qe3 Ndf6 17. Bd3 e6 18. Nd2 Nxd2 19. Qxd2 Rc8 20. g4 Ne8 21. Rae1 Nd6 22. Qe2 Re8 23. Bg3 Bf6 24. Kg2 Bh4 25. Bf4 Nc4 26. Bxc4 Rxc4 27. Qd3 Qe7 28. Re2 Rec8 29. Bd2 b5 30. f4 a5 31. Qf3 Qf8 32. g5 h5 33. f5 exf5 34. Qf4 Re8 35. Rxe8 Qxe8 36. Qxh4 Qe2+ 37. Rf2 Qe4+ 38. Qxe4 dxe4 39. Bf4 Kf8 40. d5 Ke8 41. Rd2 1-0

[Event "Cesky Krumlov op 2nd"]
[Site "Cesky Krumlov"]
[Date "2008.10.14"]
[Round "5"]
[White "Amstadt, Aron"]
[Black "Johansson, Anders"]
[Result "1-0"]
[WhiteElo "2196"]
[BlackElo "2005"]
[PlyCount "93"]
[EventDate "2008.10.11"]
[EventType "swiss"]
[EventRounds "9"]
[EventCountry "CZE"]
[SourceTitle "CBM 126 Extra"]
[Source "ChessBase"]
[SourceDate "2008.11.05"]
[SourceVersion "1"]
[SourceVersionDate "2008.11.05"]
[SourceQuality "1"]

1. d4 Nf6 2. c4 g6 3. Nc3 d5 4. Nf3 Bg7 5. Bf4 0-0 6. Rc1 Nh5 7. Bg5 h6 8. Bh4 g5 9. Bg3 Nxg3 10. hxg3 dxc4 11. e3 Be6 12. Qc2 f5 13. Nb5 c3 14. Qxc3 c6 15. Bc4 Bf7 16. Na3 Nd7 17. Bxf7+ Rxf7 18. Nc4 c5 19. Nce5 cxd4 20. Nxf7 dxc3 21. Nxd8 cxb2 22. Rb1 Rxd8 23. Nd4 Nc5 24. 0-0 Rxd4 25. exd4 Bxd4 26. Rfd1 Bf6 27. Rd5 Ne4 28. Rb5 Nc3 29. R1xb2 Nxb5 30. Rxb5 b6 31. Rxf5 Kf7 32. g4 Ke6 33. Kf1 h5 34. f3 hxg4 35. fxg4 a6 36. Ke2 b5 37. Kd3 Kd6 38. Ke4 Kc6 39. g3 a5 40. a4 bxa4 41. Rxa5 Kd7 42. Kf5 Ke8 43. Kg6 Kd7 44. Rxa4 Kd6 45. Re4 Kd5 46. Kf5 e6+ 47. Rxe6 1-0

[Event "Arctic Chess Challenge"]
[Site "Tromsoe"]
[Date "2008.08.04"]
[Round "3"]
[White "Johansson, Anders"]
[Black "Hobber, Anders"]
[Result "0-1"]
[WhiteElo "2036"]
[BlackElo "2012"]
[PlyCount "56"]
[EventDate "2008.08.02"]
[EventType "swiss"]
[EventRounds "9"]
[EventCountry "NOR"]
[SourceTitle "CBM 125 Extra"]
[Source "ChessBase"]
[SourceDate "2008.09.01"]
[SourceVersion "1"]
[SourceVersionDate "2008.09.01"]
[SourceQuality "1"]

1. d4 Nf6 2. Nf3 g6 3. g3 Bg7 4. Bg2 0-0 5. 0-0 d6 6. c4 c6 7. Nc3 Qa5 8. e4 Qh5 9. Re1 Bg4 10. Qd3 Nbd7 11. Ne2 e5 12. Bd2 Bxf3 13. Qxf3 Qxf3 14. Bxf3 exd4 15. Nxd4 Ne5 16. Bf4 Nxc4 17. Rad1 Nxb2 18. Rd2 Nc4 19. Rdd1 Ne5 20. Bh1 Rfd8 21. Nb3 b6 22. Bg5 h6 23. Bc1 Rac8 24. f4 Nc4 25. Nd4 c5 26. Nb5 a6 27. Nc3 b5 28. Kf2 Ng4+ 0-1